पानी को सब याद था / (Record no. 165740)

MARC details
000 -LEADER
fixed length control field 00973nam a22002417a 4500
005 - DATE AND TIME OF LATEST TRANSACTION
control field 20190628150104.0
010 ## - LCCN (DPL NO)
LC control number HIN-116380
020 ## - INTERNATIONAL STANDARD BOOK NUMBER
Terms of availability 395.00
International Standard Book Number 9789388753616
035 ## - SYSTEM CONTROL NUMBER
System control number HN-88726
037 ## - SOURCE OF ACQUISITION
Source of stock number/acquisition DBAD
037 ## - SOURCE OF ACQUISITION
Source of stock number/acquisition राजकमल प्रकाशन
082 ## - DEWEY DECIMAL CLASSIFICATION NUMBER
Classification number 303.4
100 ## - MAIN ENTRY--PERSONAL NAME
Personal name अनामिका
245 ## - TITLE STATEMENT
Title पानी को सब याद था /
Statement of responsibility, etc अनामिका
246 ## - VARYING FORM OF TITLE
Title proper/short title Pani ko sab yad tha /
260 ## - PUBLICATION, DISTRIBUTION, ETC. (IMPRINT)
Place of publication, distribution, etc नई दिल्ली
Name of publisher, distributor, etc राजकमल प्रकाशन
Date of publication, distribution, etc 2019
270 ## - ADDRESS
City नई दिल्ली
Address बी -1,नेताजी सुभाष मार्ग , दरयागंज
Postal code 110002
300 ## - PHYSICAL DESCRIPTION
Extent 166पृ.
Dimensions 22सेमी(सजिल्द )
500 ## - GENERAL NOTE
General note राष्ट्रपति-2
650 ## - SUBJECT ADDED ENTRY--TOPICAL TERM
General subdivision हिन्दी कविता
700 ## - ADDED ENTRY--PERSONAL NAME
Personal name द्रिवेदी, मुकुंद
9 (RLIN) 77990
942 ## - ADDED ENTRY ELEMENTS (KOHA)
Source of classification or shelving scheme Dewey Decimal Classification
Item type Hindi Books
Classification part 821
Call number suffix अनामि
Holdings
Withdrawn status Lost status Not for loan Collection code Home library Current library Date acquired Source of acquisition Cost, normal purchase price Full call number Barcode Copy number Cost, replacement price Koha item type
      Non-fiction Bawana Bawana 28/06/2019 DBAD/PUB 395.00 821 अनामि HN-88726 1 395.00 Hindi Books

© Delhi Public Library
Hit Counter
free hit counter